00753nam a22002057a 450000500170000000800410001701700420005802000180010004000230011808200240014110000370016524500700020225000100027226000530028230000340033550400600036965000450042965000390047465000340051320240530110626.0170103s2013 ua ack a b 000 0 ara d a2013/19028bمصر. دار الكتب a9789770932704 aEG-CaGPLcEG-CaGPL04221a411.1bط/م ح0 aمحيى الدين اللباد10aحواديت الخطاطين /cمحيى الدين اللباد aط. 1 aالقاهرة : bدار الشروق ،c2013. a71 ص. :bايض ؛c30 سم. aيشتمل على ارجاعات ببليوجرافية072qrmakaالخط العربىxتاريخ072qrmakaالنقوش العربية072qrmakaالكتابةxعلم